|
|
|
|
| LEADER |
01003nam a22002892a 4500 |
| 001 |
001399884 |
| 003 |
CZ BrMZK |
| 005 |
20181121104141.0 |
| 007 |
ta |
| 008 |
140702s1961 xr er|||||||||||ger d |
| 040 |
|
|
|a CBB001
|b cze
|d BOA001
|
| 080 |
|
|
|a 595.7
|
| 100 |
1 |
|
|a Endrődi, Sebő,
|d 1903-1984
|7 mzk2014824938
|4 aut
|
| 245 |
1 |
0 |
|a Bestimmungstabelle der Otiorrhynchus-Artnen des Karpaten-Beckens :
|b (Coleoptera-Curculionidae) /
|c Sebö Endrödi
|
| 250 |
|
|
|a 1. vyd.
|
| 260 |
|
|
|a Ostrava :
|b Krajské nakladatelství
|c 1961
|
| 300 |
|
|
|a 123 s.
|
| 490 |
1 |
|
|a Publikace Slezského muzea v Opavě ;
|v 5
|
| 504 |
|
|
|a Obsahuje bibliografii
|
| 650 |
0 |
7 |
|a nosatcovití
|7 ph582642
|2 czenas
|
| 650 |
0 |
7 |
|a entomologie
|7 ph114473
|2 czenas
|
| 651 |
|
7 |
|a Karpaty (pohoří)
|7 ge134264
|2 czenas
|
| 830 |
|
0 |
|a Publikace Slezského muzea v Opavě
|0 s
|
| 910 |
|
|
|a BOA001
|b 2-0450.576
|
| 990 |
|
|
|a BK
|
| 991 |
|
|
|b 201406
|
| 996 |
6 |
|
|b 2619084389
|c 2-0450.576
|l MZK
|r Sklad / do 24 hodin
|n 0
|w 001434935
|u 000010
|a 1
|e BOA001
|j MZK50
|s P
|